000 02365cam a2200445Ii 4500
001 ocn953843931
003 OCoLC
005 20210517155651.0
008 160721s2017 nyua 6 000 1 eng d
020 _a9781596439368
020 _a159643936X
035 _a(OCoLC)953843931
040 _aYDXCP
_beng
_cYDXCP
_dBTCTA
_dBDX
_dOCLCQ
_dWIM
_dOCLCO
_dOCLCF
_dCD5
_dJAI
_dWIM
043 _an-us---
049 _aUOKA
082 0 4 _a741.5973
_223
092 _aYA 741.5973 W523S01 2017
100 1 _aWesterfeld, Scott
_eauthor.
_931843
245 1 0 _aSpill zone.
_n[1] /
_cScott Westerfeld ; Alex Puvilland ; colors by Hilary Sycamore.
250 _aFirst edition
264 1 _aNew York :
_bFirst Second Books,
_c2017.
300 _a211 pages :
_bcolor illustrations ;
_c23 cm
336 _atext
336 _astill image
337 _aunmediated
338 _avolume
490 _aSpill Zone Series: Book 1.
520 _a"Three years ago an event destroyed the small city of Poughkeepsie, forever changing reality within its borders. Uncanny manifestations and lethal dangers now await anyone who enters the Spill Zone. The Spill claimed Addison's parents and scarred her little sister, Lexa, who hasn't spoken since. Addison provides for her sister by photographing the Zone's twisted attractions on illicit midnight rides. Art collectors pay top dollar for these bizarre images, but getting close enough for the perfect shot can mean death--or worse. When an eccentric collector makes a million-dollar offer, Addison breaks her own hard-learned rules of survival and ventures farther than she has ever dared. Within the Spill Zone, Hell awaits--and it seems to be calling Addison's name" --
650 0 _aHazardous geographic environments
_vComic books, strips, etc.
_95733526
650 0 _aOrphans
_vComic books, strips, etc.
_95697341
650 0 _aWomen photographers
_vComic books, strips, etc.
_95733527
650 0 _aSisters
_vComic books, strips, etc.
_95676299
650 0 _aComic books, strips, etc
_zUnited States.
_95689273
655 7 _aGraphic novels
_2lcgft
655 7 _aComics (Graphic works)
_2lcgft
_95689343
700 1 _aSycamore, Hilary
_eartist.
_96013899
700 1 _aPuvilland, Alex
_ecolorist.
_96418006
942 _2ddc
_cBOOK
999 _c226331
_d226331
999 _b03255980